Normal view
MARC view
- Philippines
Entry Topical Term
001 - CONTROL NUMBER
- control field: 5993
003 - CONTROL NUMBER IDENTIFIER
- control field: OSt
005 - DATE AND TIME OF LATEST TRANSACTION
- control field: 20160420173830.0
008 - FIXED-LENGTH DATA ELEMENTS
- fixed length control field: 160420|| aca||babn | a|a d
040 ## - CATALOGING SOURCE
- Original cataloging agency: OSt
150 ## - HEADING--TOPICAL TERM
- Topical term or geographic name entry element: Philippines
- General subdivision: History
- Geographic subdivision: 1812-1898 -- Fiction.
